000 00427nam a2200193Ia 4500
008 151119s9999||||xx |||||||||||||| ||und||
082 _a823.91
082 _bGKKV21245
100 _aENID BLYTON
245 _aTHE ENCHANTED WOOD
260 _a--
260 _b--
260 _c0
600 _aENID BLYTON
630 _aTHE ENCHANTED WOOD
700 _aENID BLYTON
730 _aTHE ENCHANTED WOOD
942 _cBOOK
999 _c1074077
_d1074074